Nghiên cứu một số yếu tố môi trường và nguồn gốc mẫu cấy lên khả năng hình thành rễ bất định cây sâm Ngọc LInh (Panax Vietnamensis ha et grushv.) nuôi cấy in vitro : Luận văn Thạc sĩ Sinh học Thực nghiệm /

Kaydedildi:
Detaylı Bibliyografya
Yazar: Hồ Thanh Tâm.
Diğer Yazarlar: Dương Tấn Nhựt, PGS.TS. (hướng dẫn.), Trần Công Luận, PGS.TS. (hướng dẫn.)
Materyal Türü: Tez
Dil:Vietnamese
Baskı/Yayın Bilgisi: Đà Lạt : Trường Đại học Đà lạt, 2013.
Konular:
Etiketler: Etiketle
Etiket eklenmemiş, İlk siz ekleyin!
Thư viện lưu trữ: Thư viện Trường Đại học Đà Lạt
LEADER 01420nam a2200325 4500
001 DLU140165743
005 ##20141112
040 # # |a DLU  |b vie 
041 # # |a vie 
044 # # |a vn 
082 # # |a 583.84  |b HO-T 
100 # # |a Hồ Thanh Tâm. 
245 # # |a Nghiên cứu một số yếu tố môi trường và nguồn gốc mẫu cấy lên khả năng hình thành rễ bất định cây sâm Ngọc LInh (Panax Vietnamensis ha et grushv.) nuôi cấy in vitro :  |b Luận văn Thạc sĩ Sinh học Thực nghiệm /  |c Hồ Thanh Tâm; Dương Tấn Nhựt, Trần Công Luận hướng dẫn. 
260 # # |a Đà Lạt :  |b Trường Đại học Đà lạt,  |c 2013. 
300 # # |a 69 tr. :  |b minh hoạ ;  |c 29 cm. 
504 # # |a Tài liệu tham khảo: tr.61. 
505 # # |a Chương I. Tổng quan tài liệu -- Chương II. Vật liệu và phương pháp nghiên cứu -- Chương III. Kết quả và thảo luận. 
650 # # |a Nuôi cấy tế bào  |x Kỹ thuật. 
700 # # |a Dương Tấn Nhựt,  |c PGS.TS.  |e hướng dẫn. 
700 # # |a Trần Công Luận,  |c PGS.TS.  |e hướng dẫn. 
915 # # |a Sinh học Thực nghiệm  |c Thạc sĩ  |d Trường Đại học Đà lạt  |e Bộ Giáo dục và Đào tạo. 
992 # # |a 0 
994 # # |a DLU 
900 # # |a True 
911 # # |a Đào Thị Thu Huyền 
925 # # |a G 
926 # # |a A 
927 # # |a LA 
980 # # |a Thư viện Trường Đại học Đà Lạt